Les titres de film avec un chiffre ou un nombre (1) - Statistiques

Statistiques générales
  • Ce quiz a été pris 69 fois
  • Le résultat moyen est 18 sur 30
Statistiques - réponses
Année Genre
Réalisateur ou
acteur / actrice
Réponse % Correct
1955 Comédie Marilyn Monroe {7} ans de réflexion
98%
1961 Aventures Spencer Tracy Le diable à {4} heures
98%
1956 Peplum Charlton Heston Les {10} commandements
98%
1933 Comédie dramatique Katherine Hepburn Les {4} filles du Docteur March
98%
1960 Western Yul Brynner Les {7} mercenaires
98%
1954 Aventures Takashi Shimura Les {7} samouraïs
98%
1957 Drame psychologique Henry Fonda {12} hommes en colère
95%
1956 Aventures David Niven Le tour du monde en {80} jours
92%
1933 Comédie dramatique Jean Dasté {0} de conduite
88%
1948 Drame Roberto Rossellini Allemagne année {0}
88%
1954 Aventures Kirk Douglas {20000} lieues sous les mers
85%
1957 Comédie Pierre Mondy Dites {33}
77%
1946 Espionnage Henry Hathaway {13} rue Madeleine
66%
1940 Espionnage Alfred Hitchcock Correspondant {17}
66%
1953 Guerre William Holden Stalag {17}
66%
1942 Policier Daniel Gélin L'assassin habite au {21}
63%
1935 Espionnage Alfred Hitchcock Les {39} marches
63%
1952 Drame Ingrid Bergman Europe {51}
51%
1936 Policier Renée Saint-Cyr {27} rue de la paix
45%
1931 Drame Marlène Dietrich Agent X {27}
45%
1941 Comédie Jules Berry L'an {40}
45%
1950 Western James Stewart Winchester {73}
42%
1948 Western Randolph Scott Far West {89}
38%
1941 Guerre Laurence Olivier {49}e parallèle
37%
1937 Comédie Raimu Le fauteuil {47}
37%
1957 Western Glenn Ford {3}h{10} pour Yuma
20%
1956 Fantastique Ralph Bettinson {1984}
18%
1945 Policier Jean Parédés {120} rue de la gare
17%
1959 Policier Lino Ventura {125} rue Montmartre
12%
1948 Policier James Stewart Appelez Nord {777}
3%
Aucun quiz correspondant
Distribution des résultats
% des personnes avec chaque résultat
Percentile par nombre de réponses
Votre historique - résultats
Vous n’avez pas pris ce quiz